000
00256nam a2200109 a 4500
001
4140
005
20140414131853.0
008
090218s19uu xx 00 eng d
050
_a
M 741.01
_b
Ga1 1996
245
_a
"I can draw" big machines.
999
_c
110310
_d
110310